LEADER 02875oam 2200673Mn 450 001 9910450283703321 005 20191114074227.0 010 $a1-134-96345-9 010 $a1-280-10472-4 010 $a0-203-00421-3 035 $a(CKB)1000000000001448 035 $a(EBL)179789 035 $a(OCoLC)62674053 035 $a(SSID)ssj0000123068 035 $a(PQKBManifestationID)11922729 035 $a(PQKBTitleCode)TC0000123068 035 $a(PQKBWorkID)10130806 035 $a(PQKB)10324230 035 $a(SSID)ssj0000277943 035 $a(PQKBManifestationID)11195767 035 $a(PQKBTitleCode)TC0000277943 035 $a(PQKBWorkID)10241321 035 $a(PQKB)11279005 035 $a(MiAaPQ)EBC179789 035 $a(PPN)187308268 035 $a(Au-PeEL)EBL179789 035 $a(CaPaEBR)ebr2002916 035 $a(CaONFJC)MIL10472 035 $a(OCoLC)821815423 035 $a(OCoLC-P)821815423 035 $a(FlBoTFG)9780203004210 035 $a(EXLCZ)991000000000001448 100 $a20071003j198402uu uy 0 101 0 $aeng 135 $aur|n||||||||| 181 $ctxt 182 $cc 183 $acr 200 10$aClassical Modern Philosophers 210 $aNew York $cRoutledge$d1984$aLos Angeles $cSony Electronics [distributor] 215 $a1 online resource (288 p.) 300 $aOriginially published: London : Routledge & K. Paul, 1984. 311 $a1-138-13573-9 311 $a0-415-06577-1 320 $aIncludes bibliographical information and index. 327 $aCover; CLASSICAL MODERN PHILOSOPHERS: Descartes to Kant; Copyright; CONTENTS; ACKNOWLEDGMENTS; REFERENCES; INTRODUCTION; CHAPTER I DESCARTES; Program and method; Mind and body; The nature and existence of God; The world and things; CHAPTER II LEIBNIZ; Program and method; Truth and knowledge; God and the world; Finite things; CHAPTER Ill SPINOZA; Program and method; God, nature, substance; The world and things; Mind and body; CHAPTER IV LOCKE; Program and method; Ideas; Knowledge; God, man, things; CHAPTER V BERKELEY; Program and method; Ideas and immaterialism; Ideas and things; Mind and God 327 $aCHAPTER VI HUMEProgram and method; Ideas and experience; Mind and reality; The God-hypothesis; CHAPTER VII KANT; Program and method; Mind and experience; The world of experience; Soul, God, and things in themselves; BIBLIOGRAPHY; INDEX 330 8 $aAnnotation$bAn introduction to the work of seven founding fathers of modern philosophy: Descartes, Leibniz, Spinoza, Locke, Berkeley, Hume and Kant. 606 $aPhilosophy, Modern 608 $aElectronic books. 615 0$aPhilosophy, Modern. 676 $a109.2 676 $a190 801 0$bOCoLC-P 801 1$bOCoLC-P 906 $aBOOK 912 $a9910450283703321 996 $aClassical Modern Philosophers$91983624 997 $aUNINA LEADER 03839oam 2200721I 450 001 9910783738803321 005 20230422044304.0 010 $a1-134-53693-3 010 $a1-134-53694-1 010 $a0-203-37818-0 010 $a0-203-36142-3 010 $a1-280-04648-1 024 7 $a10.4324/9780203361429 035 $a(CKB)1000000000248044 035 $a(EBL)180529 035 $a(OCoLC)81014705 035 $a(SSID)ssj0000289615 035 $a(PQKBManifestationID)11218643 035 $a(PQKBTitleCode)TC0000289615 035 $a(PQKBWorkID)10403715 035 $a(PQKB)10306499 035 $a(SSID)ssj0000277152 035 $a(PQKBManifestationID)11209179 035 $a(PQKBTitleCode)TC0000277152 035 $a(PQKBWorkID)10233268 035 $a(PQKB)10880083 035 $a(MiAaPQ)EBC180529 035 $a(Au-PeEL)EBL180529 035 $a(CaPaEBR)ebr10097360 035 $a(CaONFJC)MIL4648 035 $a(EXLCZ)991000000000248044 100 $a20180331d2000 uy 0 101 0 $aeng 135 $aur|n|---||||| 181 $ctxt 182 $cc 183 $acr 200 00$aBanking on knowledge $ethe genesis of the Global Development Network /$fedited by Diane Stone 210 1$aLondon ;$aNew York :$cRoutledge,$d2000. 215 $a1 online resource (288 p.) 225 1 $aWarwick studies in globalisation 300 $aBased on papers presented at a conference held in Bonn, 1999 to launch the Global Development Network. 311 $a0-415-24848-5 311 $a0-415-24847-7 320 $aIncludes bibliographical references and index. 327 $aBook Cover; Title; Contents; Contributors; Prologue by Lyn Squire; Foreword by Diery Seck; Acknowledgements; List of abbreviations; The GDN and knowledge for development; The genesis of the GDN; Scan globally, reinvent locally: knowledge infrastructure and the localisation of knowledge; The instrumentalisation of development knowledge; Civil society engagement; Think tanks in independent Belarus: catalysts for social transformation; New partnerships in research: activists and think tanks. An illustration from the NCAER in New Delhi 327 $aBuilding productive partnerships for the promotion of reform: the APOYO Institute in PeruReform and reconstruction; The challenges of intervention for Cambodian think tanks; Post-communist think tanks: making and faking influence; Influencing government policy making; Knowledge across borders; Southeast Asian research institutes and regional cooperation; Globalisation, think tanks and policy transfer; Think tanks and the ecology of policy inquiry; Conclusion; Knowledge, power and policy; Index 330 $aBanking on Knowledge is one of the first studies of how the World Bank is reinventing itself as the 'Knowledge Bank'. The book addresses how international organizations and governments are developing partnerships with think tanks, research institutes and other knowledge institutions in the hope of informing and improving policies for reform and development around the world.The book focuses on the recently established Global Development Network (GDN). The GDN is a new and ambitious initiative, sponsored by the World Bank, which is possibly the largest worldwide non-governmental 410 0$aWarwick studies in globalisation. 606 $aEconomic development$xResearch 606 $aCommunication in economic development 615 0$aEconomic development$xResearch. 615 0$aCommunication in economic development. 676 $a338.9/007/2 701 $aStone$b Diane$f1964-$01190673 712 02$aGlobal Development Network. 801 0$bMiAaPQ 801 1$bMiAaPQ 801 2$bMiAaPQ 906 $aBOOK 912 $a9910783738803321 996 $aBanking on knowledge$93813038 997 $aUNINA